Statistics for Movie Titles with Shared First Words #5

Click here to take the quiz!

General Stats

  • This quiz has been taken 2,207 times
  • The average score is 12 of 24

Answer Stats

Ends Of Movie TitlesFirst Word% Correct
Miss Sunshine, Man TateLittle
92%
Grams, Jump Street21
88%
Break, Of No ReturnPoint
82%
Brasco, DarkoDonnie
80%
University, Vs. AliensMonsters
78%
Buyers Club, DollDallas
71%
Of Eden, Is EastEast
69%
Figures, AgendaHidden
63%
In Manhattan, To OrderMaid
61%
Age, PrincessIce
59%
Be A Menace To South Central While Drinking Juice In The Hood, Look NowDon't
58%
To Watch Over Me, Like YouSomeone
58%
In Show, FriendsBest
51%
You Always Wanted to Know About Sex But Were Afraid To Ask, Is IlluminatedEverything
49%
Deeds, BrooksMr.
43%
Of Watch, Of DaysEnd
35%
State, Of EvilGarden
32%
Nothing, Anything...Say
30%
Date, FuryBlind
24%
To Kill, The MoonShoot
22%
Soldiers, Time CrooksSmall
21%
Fish, In The BronxRumble
18%
Ahead, From HomeMiles
5%
Vote, KidsSwing
5%

Score Distribution

Percentile by Number Answered

Percent of People with Each Score

Your Score History

You have not taken this quiz